| 000 | 01321nam a2200253 a 4500 | ||
|---|---|---|---|
| 001 | 000054983 | ||
| 003 | AM-YEHGA | ||
| 005 | 20250617121421.0 | ||
| 008 | 960705s1989 ru |||||||||||||||||rus d | ||
| 040 | _aAM-YeHGA | ||
| 041 | 0 | _arus | |
| 245 | 0 | 0 |
_aАвтоматизация научных исследований в теплофизике и энергетике : _bСборник научных трудов / _cАН СССР. Сиб. отд-ние. Ин-т теплофизики ; Под ред. Э.П. Волчкова. |
| 260 |
_aНовосибирск : _bИзд-во ин-та теплофизики СО АН СССР, _c1989. |
||
| 300 | _a76 с. | ||
| 500 | _aБиблиогр. в конце ст. | ||
| 650 | 1 | 4 | _aАвтоматизация - Теплотехнические измерения |
| 650 | 1 | 4 | _aТеплотехнические измерения - Автоматизация - Сборники |
| 650 | 1 | 4 | _aТеплофизика - Математические методы - Сборники |
| 650 | 1 | 4 | _aЭнергетика - Математические методы - Сборники |
| 700 | 1 |
_aВолчков, Эдуард Петрович _eред. _4edt |
|
| 710 | 2 | _aИнститут теплофизики СО АН СССР | |
| 942 |
_2udc _cBK |
||
| 090 | _c15599 | ||
| 999 |
_c15487 _d15487 |
||